Riadenie nákladov vo výrobnom podniku v podmienkach svetovej hospodárskej a finančnej krízy diplomová práca

Saved in:
Bibliographic Details
Main Author: Hrešová, Erika
Corporate Author: Podnikovohospodárska fakulta EU so sídlom v Košiciach. Katedra účtovníctva a financií
Other Authors: Kostková, Albína, 1951-
Format: Book
Language:Slovak
Published: Košice 2009
Tags: Add Tag
No Tags, Be the first to tag this record!

MARC

LEADER 00000nam$a2200000$$$4500
001 0098693
005 20240320075401.6
041 0 |a slo 
044 |a SK 
245 1 0 |a Riadenie nákladov vo výrobnom podniku v podmienkach svetovej hospodárskej a finančnej krízy  |b diplomová práca  |c Erika Hrešová ; škol. Albína Kostková 
264 1 |a Košice  |c 2009 
300 |a 81 s. 
100 1 |a Hrešová, Erika 
700 1 |a Kostková, Albína, 1951- 
710 2 |a Podnikovohospodárska fakulta EU so sídlom v Košiciach. Katedra účtovníctva a financií